000 01442nam a2200313 4500
001 0000021737
003 CO-CtgCURN
005 20250331184446.0
007 ta
008 160627s2007 000 0 eng d
020 _a9789586536103
040 _aCO-CtgCURN
_bspa
_ccoctgcurn
082 0 _a346.064
_bJ28e
100 1 _aJaramillo Díaz, Juan Carlos.
245 1 0 _aEntidades sin animo de lucro :
_bcaracteristicas y aplicaciones del regimen tributario /
_cJuan Carlos Jaramillo Díaz.
260 _aBogotá :
_bLegis,
_c2007.
300 _axvii, 452 p.
336 _2rdacontent
337 _2rdamedia
_asin mediacion
_bn
338 _2rdacarrier
_avolumen
_bnc
500 _aIncluye apendice: Consideraciones previas.--Decretos: reglamentacion actual y anterior del regimen tributario especial.--Decretos de interes en el marco de la cooperacion nternacional.
504 _aBibliografia (p. 447-449)
505 8 _aAspectos jurídicos de las entidades sin animo de lucro.--Aspectos tributarios: presentacion general del reginem tributario especial.--Impuestos sobre las ventas.--Impuesto de industria y comercio.--Elementos de derecho comparado
650 1 4 _aOrganizaciones sin animo de lucro
_vLegislacion
_zColombia.
730 0 _aCaracteristicas y aplicaciones del regimen tributario.
908 _a160627
942 _cBK
_h346.064
_iJ28e
_2ddc
999 _c20254
_d20254